Късноантична керамика в с. Поповяне, Самоковско (Запис номер 389020)
[ съкратено ]
| 000 -Лидер | |
|---|---|
| Контролно поле с фиксирана дължина | nkm a22 a 4500 |
| 003 - Код на организацията, давaща контролен номер | |
| Контролно поле | BLK |
| 005 - Дата и час на последна редакция | |
| Контролно поле | 20200928141132.0 |
| 008 - Елементи от данни с фиксирана дължина | |
| fixed length control field | 200928b bu ||||| |||| 00| k|bu d |
| 040 ## - Източник на каталожния запис | |
| Идентификатор на билиотеката - собственик на записа | BLK |
| 041 ## - Код за език | |
| Код за езика на текст/звукозапис или на отделно заглавие | Български |
| Код за езика КДБФ | Български |
| 080 ## - УДК | |
| Текстов определител УДК | Художествена керамика. Грънчарско изкуство |
| УДК код - определител по УДК | 738 |
| УДК - код + определител | 738(497.2)(084) |
| 080 ## - УДК | |
| Текстов определител УДК | Методи за изучаване на историята. Методология на историята |
| УДК код - определител по УДК | 930.2 |
| УДК - код + определител | 930.2(497.2)(084) |
| 100 ## - Редна дума - Автор | |
| R(LIN) | 322853 |
| Автор | Митова-Джонова, Димитрина Миланова |
| Авторска отговорност | първи автор |
| 139 ## - Редно поле | |
| Редна дума | Митова-Джонова, Димитрина Миланова |
| 245 ## - Сведения за заглавието | |
| Заглавие | Късноантична керамика в с. Поповяне, Самоковско |
| Подзаглавни данни | [Изобразителен материал] : [Албум] |
| Редно поле (дума) | Димитрина Митова-Джонова. |
| 257 ## - Страна на издаване | |
| Страна на създаване/издаване | България |
| 260 ## - Област на издателските данни | |
| 9 (RLIN) | 210539 |
| Име на издателя, разпространителя и проч. | Септември |
| Година на издаване | [1977] |
| Издателство - префикс ISBN | 954-406- |
| 300 ## - Физическа характеристика | |
| Страници | 1 албум (48 с.) |
| Илюстрации и др. | с ил. |
| Размери/Мащаб | 22x23 см |
| 380 ## - Жанр | |
| Жанр | Изкуство |
| 501 ## - Забележка „подвързано към” | |
| Забележка: Подвързано към... | Възприета форма на името на авт. е Димитрина Миланова Джонова. - Изд. на К-т за изкуство и култура. Нац. институт за паметниците на културата. Истор. музей - Самоков. - Парал. текст на нем. ез. - 5 000 тир. - Библиогр. в края на текста. |
| 650 #0 - Допълнително описание по предмет – тема | |
| 9 (RLIN) | 300195 |
| Основно описание – тема или топоним | Керамика, художествена |
| 651 #7 - Допълнително описание по предмет - топоним | |
| 9 (RLIN) | 179477 |
| Географско понятие | Самоковско |
| 653 #7 - Ключова дума – ненормативна | |
| 9 (RLIN) | 181107 |
| Ключова дума | Античност |
| 700 1# - Други автори (авторска отговорност) | |
| 9 (RLIN) | 60995 |
| Лично име | Джонова, Димитрина Миланова |
| Автороска отговорност (Описва отношението между автора и произведението) | * |
| 852 ## - Местоположение | |
| Форматна сигнатура | Цб 301231 |
| Фондова буква | Хранилище |
| 999 ## - СИСТЕМНИ КОНТРОЛНИ НОМЕРА | |
| Koha biblionumber | 389020 |
| Koha biblioitemnumber | 389020 |
| 942 ## - АРТИКУЛИ | |
| Вид на библиотечния материал | Графични издания |
| Скрит в OPAC | Не |
| Периодичен библиозапис | Да |
| 944 ## - СЪЗДАВАНЕ И РЕДАКЦИЯ на ЗАПИСА | |
| Създаване/Редакция | Създаване |
| Дата на регистрацията/редакция | 2020-09-28 |
| Служител, извършил регистрацията/редакцията | Кети |
| Код за отписване | Код за изгубен артикул | Източник на класификационната схема | Код за повреда | Коз за рестрикции | Код за отдаване | Артикулен № | Име на библиотеката - собственик | Име на библиотеката, в която се намира в момента | Статус (Текущо местоположение) | Дата на вписване в системата | Местоположение - отдел | Цена в лева | Инвентарен номер | Систематично азбучна сигнатура | Баркод | Цена в евро | Служебен тип на артикула |
|---|---|---|---|---|---|---|---|---|---|---|---|---|---|---|---|---|---|
| Не е изгубен | Universal Decimal Classification | Не е повреден | само за читалня | ползва се в читалня | 801319 | Регионална библиотека "Любен Каравелов" Русе | Регионална библиотека "Любен Каравелов" Русе | Хранилище | 2020-09-29 | Хранилище | 1.20 | 228423 | Цб 301231 | 120000228423 | 0.61 | Графични издания |